000 00220nam a22000977a 4500
082 _a425
_bGEO/C
100 _aHEORGE, ANU
245 _aCBSE CONT. & COMP. EVAL HANDBOOK FOR TEACHER
650 _aENGLISH GRAMMAR
942 _cBK
999 _c7643
_d7643